|
|
|
|
| LEADER |
01644cas a2200241 a 4500 |
| 001 |
AALejournalIMF004191 |
| 008 |
230101c9999 xx r poo 0 0eng d |
| 020 |
|
|
|c 5.00 USD
|
| 020 |
|
|
|z 9781451824360
|
| 022 |
|
|
|a 1934-7685
|
| 040 |
|
|
|a BD-DhAAL
|c BD-DhAAL
|
| 110 |
2 |
|
|a International Monetary Fund.
|
| 245 |
1 |
0 |
|a Luxembourg :
|b Staff Report for the 2006 Article IV Consultation.
|
| 264 |
|
1 |
|a Washington, D.C. :
|b International Monetary Fund,
|c 2006.
|
| 300 |
|
|
|a 1 online resource (50 pages)
|
| 490 |
1 |
|
|a IMF Staff Country Reports
|
| 500 |
|
|
|a <strong>Off-Campus Access:</strong> No User ID or Password Required
|
| 500 |
|
|
|a <strong>On-Campus Access:</strong> No User ID or Password Required
|
| 506 |
|
|
|a Electronic access restricted to authorized BRAC University faculty, staff and students
|
| 520 |
3 |
|
|a Luxembourg's 2006 Article IV Consultation reports that the dominant financial sector has supported a steady rebound in economic activity. Growth is projected to remain healthy in the near term, but trend growth may decline as the rapid financial sector expansion may decelerate. The financial sector's successful shift from traditional banking services to the investment fund industry (IFI) is well advanced. The close integration of Luxembourg's mostly foreign-owned financial institutions with their parent companies tends to enhance soundness, including asset quality and capital adequacy.
|
| 538 |
|
|
|a Mode of access: Internet
|
| 830 |
|
0 |
|a IMF Staff Country Reports; Country Report ;
|v No. 2006/164
|
| 856 |
4 |
0 |
|z Full text available on IMF
|u http://elibrary.imf.org/view/journals/002/2006/164/002.2006.issue-164-en.xml
|z IMF e-Library
|